The life of J. M. Nallaswami Pillai; (Record no. 71973)
[ view plain ]
| 000 -LEADER | |
|---|---|
| fixed length control field | 01023cam a22002891 4500 |
| 001 - CONTROL NUMBER | |
| control field | sa 67000415 |
| 003 - CONTROL NUMBER IDENTIFIER | |
| control field | DLC |
| 005 - DATE AND TIME OF LATEST TRANSACTION | |
| control field | 20260227112314.0 |
| 008 - FIXED-LENGTH DATA ELEMENTS--GENERAL INFORMATION | |
| fixed length control field | 860314s1965 xx c b 000 0 eng |
| 010 ## - LIBRARY OF CONGRESS CONTROL NUMBER | |
| LC control number | sa 67000415 |
| 025 ## - OVERSEAS ACQUISITION NUMBER | |
| Overseas acquisition number | PL480:I-E-6364 |
| 035 ## - SYSTEM CONTROL NUMBER | |
| System control number | (OCoLC)13296090 |
| 040 ## - CATALOGING SOURCE | |
| Original cataloging agency | DLC |
| Transcribing agency | NBuU |
| Modifying agency | DLC |
| 041 0# - LANGUAGE CODE | |
| Language code of text/sound track or separate title | engtam |
| 042 ## - AUTHENTICATION CODE | |
| Authentication code | premarc |
| 050 00 - LIBRARY OF CONGRESS CALL NUMBER | |
| Classification number | BL1175.N26 |
| Item number | B3 |
| 082 ## - DEWEY DECIMAL CLASSIFICATION NUMBER | |
| Classification number | 181.4 |
| 100 1# - MAIN ENTRY--PERSONAL NAME | |
| Personal name | Balasubramaniam, K. M., |
| Dates associated with a name | 1908- |
| 245 14 - TITLE STATEMENT | |
| Title | The life of J. M. Nallaswami Pillai; |
| Remainder of title | the centenary memorial to a champion of Saiva siddhanta, |
| Statement of responsibility, etc. | by K. M. Balasubramaniam. With a foreword by Suddhananda Bharatiar. |
| 260 ## - PUBLICATION, DISTRIBUTION, ETC. | |
| Place of publication, distribution, etc. | [Annamalainagar?] |
| Name of publisher, distributor, etc. | J. M. Somasundaram Pillai, |
| Date of publication, distribution, etc. | 1965. |
| 300 ## - PHYSICAL DESCRIPTION | |
| Extent | xiii, 152 p. |
| Other physical details | ports. |
| Dimensions | 22 cm. |
| 500 ## - GENERAL NOTE | |
| General note | English or Tamil. |
| 500 ## - GENERAL NOTE | |
| General note | "Chronological list of J. M. N. Pillai's writings": p. [150] |
| 504 ## - BIBLIOGRAPHY, ETC. NOTE | |
| Bibliography, etc. note | Bibliographical footnotes. |
| 600 20 - SUBJECT ADDED ENTRY--PERSONAL NAME | |
| Personal name | Nallaswami Pillai, J. M., |
| Dates associated with a name | 1864-1920. |
| 740 4# - ADDED ENTRY--UNCONTROLLED RELATED/ANALYTICAL TITLE | |
| Uncontrolled related/analytical title | The centenary memorial to a champion of Saiva siddhanta. |
No items available.